000
00333nam a22001457a 4500
008
210526b ||||| |||| 00| 0 eng d
020
_a
97804955999562
041
_a
eng
080
_2
5th
_a
159.9
082
_a
159.9
100
_a
48
101
_a
PSI
245
_a
Human Development A Life-Span View
_c
Kail,R.V
942
_2
udc
_c
BK
999
_c
57629
_d
57629